[Event "25th Czech Rapid G1 2014"]
[Site "Pardubice CZE"]
[Date "2014.07.17"]
[Round "6.11"]
[White "Biolek, Richard Jr."]
[Black "Sergeev, Vladimir"]
[Result "1/2-1/2"]
[WhiteTitle "IM"]
[BlackTitle "GM"]
[WhiteElo "2429"]
[BlackElo "2447"]
[WhiteFideId "319996"]
[BlackFideId "14101076"]
[EventDate "2014.07.16"]

1. d4 Nf6 2. c4 d6 3. Nc3 g6 4. e4 Bg7 5. f3 O-O 6. Be3 a6 7. Qd2 Nbd7 8. Nge2
c5 9. d5 b5 10. cxb5 Nb6 11. Nf4 Nfd7 12. b3 axb5 13. Bxb5 Ba6 14. Bxa6 Rxa6 15.
O-O Qa8 16. Nfe2 Rb8 17. Rab1 Ra3 18. f4 Qa5 19. Qc2 Qa6 20. h3 Qa8 21. Kh1 Rc8
22. Rfd1 Nb8 23. Qc1 N8d7 24. Rd2 Qa6 25. Rc2 Qd3 26. Qd2 Qxd2 27. Bxd2 f5 28.
exf5 gxf5 29. Rd1 Kf7 30. Kg1 h5 31. Kf1 Raa8 32. Be3 Rg8 33. Nb5 Bf6 34. Nec3
Rgc8 35. Rdc1 Ra5 36. a4 Raa8 37. Ra2 Bxc3 38. Nxc3 Nf6 39. Rd1 Rcb8 40. Rc2
Nbd7 41. Nb5 Nb6 42. Nc3 Rb7 43. Bf2 Nc8 44. Nb5 Na7 45. Nxa7 Raxa7 46. Rd3 Rb4
47. Be1 Rxf4+ 48. Rf2 Rxf2+ 49. Kxf2 c4 50. bxc4 Rxa4 51. Rd4 Ra2+ 52. Kf3 Rc2
53. Bh4 Ne4 54. Kf4 Rxg2 55. Kxf5 Nc5 56. Rf4 Rg1 57. Bf2 Rg2 58. Bxc5 dxc5 59.
Rh4 Rc2 60. Kg5 Rg2+ 61. Kf5 Rc2 62. Kg5 Rg2+ 63. Kf5 Rc2 64. Kg5 Rg2+ 65. Kxh5
Rg3 66. Rf4+ Ke8 67. h4 Kd7 68. Rg4 Rh3 69. Re4 Rg3 70. Rg4 Rh3 71. Re4 Rg3 72.
Rg4 Rh3 73. Kg6 Ke8 74. Kg7 Rh2 75. Kg6 Kf8 76. Rf4+ Kg8 77. Rg4 Rh1 78. h5 Rh2
79. Kh6+ Kf7 80. Rf4+ Kg8 81. Rg4+ Kf7 82. Rf4+ Kg8 83. Kg5 Kg7 84. Kf5 Kf7 85.
Kg5+ Kg7 86. Re4 Kf7 87. Rf4+ Kg7 88. Rh4 Rf2 89. h6+ Kh7 90. Re4 Rf7 91. Re6
Kg8 92. Kg6 Rg7+ 93. Kh5 Rf7 94. Kg6 Rg7+ 95. Kh5 Rf7 96. Kg6 1/2-1/2

[Event "25th Czech Rapid G1 2014"]
[Site "Pardubice CZE"]
[Date "2014.07.17"]
[Round "6.12"]
[White "Venkatesh, M.R."]
[Black "Kourousis, Epaminondas"]
[Result "0-1"]
[WhiteTitle "GM"]
[WhiteElo "2498"]
[BlackElo "2364"]
[WhiteFideId "5005779"]
[BlackFideId "4211626"]
[EventDate "2014.07.16"]

1. Nf3 Nf6 2. g3 b5 3. Bg2 Bb7 4. d3 c5 5. e4 e6 6. e5 Nd5 7. O-O Nb6 8. Nc3 b4
9. Ne4 Bxe4 10. dxe4 Nc6 11. Bf4 Qc7 12. h4 Nc4 13. Nd2 Nxd2 14. Qxd2 Nxe5 15.
Rfd1 Rd8 16. a3 a5 17. axb4 cxb4 18. Qe2 f6 19. Qb5 Qc5 20. Rxa5 Qxb5 21. Rxb5
Be7 22. Rb7 Nc4 23. b3 Ne5 24. Bh3 Kf7 25. Be3 h5 26. f4 Nc6 27. Bb6 Rb8 28.
Rdxd7 Rxb7 29. Rxb7 Rc8 30. Bf1 Nd8 31. Rc7 Rxc7 32. Bxc7 Nc6 33. Bc4 Bc5+ 34.
Kg2 Ke7 35. f5 Nd4 36. Bxe6 Nxe6 37. fxe6 Kxe6 38. Kf3 g5 39. Ke2 Ba7 40. hxg5
fxg5 41. Bd8 g4 42. Bc7 Bd4 43. Kd3 Bc3 44. Bf4 Be1 45. Ke2 Bc3 46. Bd2 Be5 47.
Be1 Bd6 48. Kd3 Ke5 49. Bf2 Bc7 50. Bc5 Ke6 51. Bf2 Bd6 52. Be1 Bc7 53. Ke3 Bd6
54. Kd4 h4 55. gxh4 g3 56. Ke3 g2 57. Kf2 Bg3+ 58. Kxg2 Bxe1 59. h5 Ke5 60. Kf3
Bd2 61. Ke2 Bc3 62. Kd3 Kf4 63. h6 Kg5 64. h7 Kg6 65. h8=Q Bxh8 66. c4 bxc3 67.
b4 Kf7 68. b5 Ke6 69. b6 Kd7 0-1

[Event "25th Czech Rapid G1 2014"]
[Site "Pardubice CZE"]
[Date "2014.07.17"]
[Round "6.13"]
[White "Bochkarev, Alexander"]
[Black "Golubov, Saveliy"]
[Result "1/2-1/2"]
[WhiteTitle "FM"]
[WhiteElo "2438"]
[BlackElo "2339"]
[WhiteFideId "4140230"]
[BlackFideId "24176729"]
[EventDate "2014.07.16"]

1. e4 c5 2. Nf3 e6 3. Nc3 a6 4. g3 b5 5. Bg2 Bb7 6. d3 d6 7. O-O Nd7 8. a4 b4 9.
Nb1 Ngf6 10. Nbd2 Be7 11. b3 O-O 12. Bb2 Qc7 13. Re1 Ng4 14. Nc4 Nge5 15. Nfxe5
Nxe5 16. Nxe5 dxe5 17. Qh5 Bd6 18. Re2 1/2-1/2

[Event "25th Czech Rapid G1 2014"]
[Site "Pardubice CZE"]
[Date "2014.07.17"]
[Round "6.14"]
[White "Dolezal, Radoslav1"]
[Black "Westerberg, Jonathan"]
[Result "1-0"]
[WhiteTitle "IM"]
[BlackTitle "FM"]
[WhiteElo "2368"]
[BlackElo "2412"]
[WhiteFideId "304735"]
[BlackFideId "1701754"]
[EventDate "2014.07.16"]

1. d4 d5 2. Nf3 Nf6 3. c4 dxc4 4. Qa4+ Nbd7 5. e3 e6 6. Bxc4 Be7 7. O-O O-O 8.
Qc2 c5 9. Rd1 cxd4 10. Nxd4 Qb6 11. Nc3 Ne5 12. Bb3 Bd7 13. Na4 Bxa4 14. Bxa4
Rac8 15. Qb3 Qxb3 16. Bxb3 Nc4 17. Bc2 Rfd8 18. Bd3 e5 19. Nf5 Bf8 20. b3 Nd6
21. Bb2 Nxf5 22. Bxf5 Rxd1+ 23. Rxd1 Re8 24. Kf1 g6 25. Bd3 a6 26. a4 Bg7 27.
Bc4 h5 28. Ke2 e4 29. h3 Re7 30. Rd8+ Kh7 31. Ba3 Rc7 32. Bd6 Rc6 33. Kd2 Ne8
34. Ba3 Nc7 35. Bxf7 Bc3+ 36. Ke2 Bg7 37. Bg8+ Kh6 38. h4 Rc2+ 39. Rd2 Rc6 40.
Be7 Bf6 41. Bxf6 Rxf6 42. Rd7 g5 43. hxg5+ Kxg5 44. Rxc7 Rb6 45. Bd5 Rd6 46.
Bxe4 b5 47. a5 Re6 48. Bd5 Re8 49. Ra7 Rd8 50. e4 b4 51. Rxa6 Kf4 52. Rf6+ Ke5
53. Rf5+ Kd4 54. Rxh5 Rc8 55. a6 Rc2+ 56. Kf3 Ra2 57. Rh6 Kc5 58. g4 1-0

[Event "25th Czech Rapid G1 2014"]
[Site "Pardubice CZE"]
[Date "2014.07.17"]
[Round "6.15"]
[White "Ageichenko, Genadi A"]
[Black "Sundararajan, Kidambi"]
[Result "0-1"]
[WhiteTitle "IM"]
[BlackTitle "GM"]
[WhiteElo "2297"]
[BlackElo "2414"]
[WhiteFideId "4105222"]
[BlackFideId "5005370"]
[EventDate "2014.07.16"]

1. e4 c6 2. d4 d5 3. Nc3 dxe4 4. Nxe4 Nd7 5. Ng5 Ngf6 6. Bd3 e6 7. Qe2 Bd6 8.
N1f3 h6 9. Ne4 Nxe4 10. Qxe4 Qc7 11. Bd2 b6 12. O-O-O Bb7 13. Kb1 O-O-O 14. Qe2
Kb8 15. Rhe1 c5 16. Be4 Bxe4 17. Qxe4 Nf6 18. Qe2 c4 19. Ne5 Bxe5 20. Qxe5 Qxe5
21. dxe5 Nd5 22. c3 Rd7 23. Kc2 Kb7 24. Bc1 Rhd8 25. h4 b5 26. a3 h5 27. f3 Ne7
28. Rxd7+ Rxd7 29. Be3 Ng6 30. Bf2 Rd5 31. Bg3 Kc6 32. Re4 Rd3 33. a4 a6 34.
axb5+ axb5 35. Re1 Rd5 36. Re2 Ne7 37. Bf2 Rd3 38. Be3 Kd5 39. Re1 Ng6 40. Bf2
Nf4 41. Rg1 Kxe5 42. Bd4+ Kd5 43. Bxg7 f5 44. Bh6 Ng6 45. Bg5 Ne5 46. Ra1 Nc6
47. Ra8 e5 48. Rf8 f4 49. Rf7 Re3 50. Kd2 b4 51. Rd7+ Ke6 52. Rc7 Kd6 53. Rh7
bxc3+ 54. bxc3 Na5 55. Rh6+ Kd7 56. Rxh5 Nb3+ 57. Kd1 Rd3+ 58. Ke1 Rxc3 59. Rh7+
Ke6 60. h5 Rc2 61. h6 Rxg2 62. Re7+ Kf5 63. Rg7 Nd4 64. Bxf4 Re2+ 65. Kf1 Kxf4
66. Rg2 Re3 67. h7 Rxf3+ 68. Rf2 c3 69. h8=Q Rxf2+ 70. Kxf2 c2 71. Qh6+ Ke4 72.
Qe3+ Kd5 73. Qc3 Ke4 74. Qc4 Kf4 75. Qc3 Ke4 76. Ke1 Nf3+ 77. Ke2 Nd4+ 78. Kf2
Kd5 79. Ke3 Nf5+ 80. Kd3 Nd4 81. Qc8 Kd6 82. Qc4 Ke7 83. Ke4 Kf6 84. Qf1+ Ke6
85. Qa6+ Ke7 86. Qa3+ Ke6 87. Qa6+ Ke7 88. Qc4 Kf6 89. Kd3 Kf5 90. Qf7+ Kg5 91.
Kd2 Kg4 92. Qf1 Kg5 93. Kd3 Kg6 94. Ke4 Ne2 95. Qf5+ Kh6 96. Qf6+ Kh7 97. Qe7+
Kg6 98. Qe6+ Kg5 99. Qxe5+ Kh4 100. Qe7+ Kh3 101. Qd7+ Kg2 102. Qg4+ Ng3+ 103.
Kd5 c1=Q 104. Qd4 Qg5+ 105. Kc4 Nf5 106. Qe4+ Kg3 107. Qe1+ Kg4 108. Qd1+ Kf4
109. Qf1+ Ke5 110. Qe2+ Kf6 111. Kc3 Qf4 112. Qa6+ Kg5 113. Qd3 Qe5+ 114. Kb3
Nd4+ 115. Kc4 Nf5 116. Qd8+ Kf4 117. Qd2+ Ne3+ 118. Kb3 Qe6+ 119. Kb2 Kf3 120.
Qd3 Qb6+ 121. Kc3 Qc5+ 122. Kb3 Kf4 123. Qd2 Qc4+ 124. Kb2 Ke4 125. Qe1 Kd3 126.
Qb1+ Kd2 127. Qa2 Qc3+ 128. Kb1+ Ke1 129. Qe6 Qd3+ 130. Ka1 Kd2 131. Qh6 Qc3+
132. Kb1 Qb4+ 133. Ka1 Qd4+ 134. Kb1 Qe4+ 135. Ka1 Ke1 136. Qh4+ Qxh4 137. Kb2 0-1

[Event "25th Czech Rapid G1 2014"]
[Site "Pardubice CZE"]
[Date "2014.07.17"]
[Round "6.16"]
[White "Chernyshov, Konstantin"]
[Black "Klukin, Kirill"]
[Result "1/2-1/2"]
[WhiteTitle "GM"]
[WhiteElo "2508"]
[BlackElo "2067"]
[WhiteFideId "4117328"]
[BlackFideId "24199273"]
[EventDate "2014.07.16"]

1. d4 Nf6 2. Bg5 c5 3. Bxf6 gxf6 4. c3 Qb6 5. Qd2 Bg7 6. e3 d6 7. Na3 Bf5 8. Nf3
Nd7 9. Be2 cxd4 10. cxd4 O-O 11. O-O Rac8 12. Rfc1 Be4 13. Nc4 Qd8 14. Qd1 Nb6
15. Ncd2 Bg6 16. a4 Nd5 17. Qb3 e6 18. Bc4 Nb6 19. Bf1 f5 20. a5 Rxc1 21. Rxc1
Nd5 22. Qxb7 Qxa5 23. Nc4 Qd8 24. Qxa7 f4 25. exf4 Nxf4 26. Qa3 d5 27. Nce5 Be4
28. Nc6 Qf6 29. Rc3 h5 30. g3 Ng6 31. h4 Rc8 32. Nfe5 Bf8 33. Qa6 Rc7 34. Nxg6
fxg6 35. Ne5 Rxc3 36. bxc3 Bg7 37. Bh3 Bf5 38. Bxf5 Qxf5 39. Qd3 Qxd3 40. Nxd3
Bh6 41. f4 Kf7 42. Kf2 Bf8 43. Ne5+ Kg7 44. c4 dxc4 45. Nxc4 Kf6 46. Kf3 Bb4 47.
Ne3 Ba5 48. d5 exd5 49. Nxd5+ Kf7 50. Ne3 Kf6 51. Nc2 Bc3 52. Ke4 Ke6 53. Nd4+
Kf6 54. Nf3 Bb4 55. Ne5 Be1 56. Kf3 Bc3 57. Nc4 Bb4 58. Ne3 Ba5 59. g4 hxg4+ 60.
Kxg4 Bd8 61. Nf1 Kf7 62. Nd2 Be7 63. Ne4 Kg7 64. Ng5 Bf6 65. Ne4 Be7 66. Ng3 Kf7
67. h5 gxh5+ 68. Nxh5 Ba3 69. f5 Bb2 70. Kf4 Bc1+ 71. Ke4 Bb2 72. Nf4 Bf6 73.
Nd5 Bb2 74. Ne3 Bf6 75. Ng4 Bb2 76. Kd5 Bc3 77. Kd6 Bb2 78. Kc5 Ba3+ 79. Kc4 Bb2
80. Kd5 Bc3 81. Ke4 Bb2 82. Kf3 Bc1 83. Nf2 Bg5 84. Kg4 Bf6 85. Ne4 Be7 86. Kh5
Ba3 87. Ng5+ Kf6 88. Kg4 Bc1 89. Ne4+ Kf7 90. Kf3 Bb2 91. Kf4 Bc1+ 92. Ke5 Bb2+
93. Kd5 Ba3 94. Nf2 Kf6 95. Ke4 Bb2 96. Kf4 Bc1+ 97. Kg4 Kf7 98. Nd3 Bd2 99. Kf3
Kf6 100. Ke4 Bc3 101. Nf4 Kf7 102. Ng2 Bb2 103. Ne3 Bc3 104. Nc4 Bf6 105. Kf4
Bd8 106. Ne5+ Kf6 107. Ng4+ Kf7 108. Ne3 Bc7+ 109. Ke4 Bd8 110. Nd5 Bf6 111. Nf4
Bb2 112. Nd3 Bf6 113. Kf4 Bc3 114. Nc5 Bf6 115. Ne4 Be7 116. Ke5 Bh4 117. Kd5
Be7 118. Kc6 Ba3 119. Kd7 Bb4 120. Kc6 Ba3 121. Kd5 Bb2 122. Nf2 Bf6 123. Ng4
Bb2 124. Kd6 Ba3+ 125. Kc6 Bb2 126. Kd5 Bc3 127. Ke4 Bb2 128. Ne3 Bf6 129. Kf4
Bb2 130. Nc4 Bc1+ 131. Ke5 Bg5 132. Nd6+ Ke7 133. Ne4 Bh4 134. Kf4 Kf7 135. Kg4
Bf6 136. Kh5 Bb2 1/2-1/2

[Event "25th Czech Rapid G1 2014"]
[Site "Pardubice CZE"]
[Date "2014.07.17"]
[Round "6.17"]
[White "Pribyl, Josef"]
[Black "Petr, Martin"]
[Result "0-1"]
[WhiteTitle "IM"]
[BlackTitle "GM"]
[WhiteElo "2269"]
[BlackElo "2540"]
[WhiteFideId "300187"]
[BlackFideId "318299"]
[EventDate "2014.07.16"]

1. d4 Nf6 2. Nf3 g6 3. Nc3 d5 4. Bf4 Bg7 5. e3 O-O 6. Be2 c5 7. Ne5 Nc6 8. Nxc6
bxc6 9. Be5 cxd4 10. exd4 Qa5 11. Qd2 Be6 12. O-O Rfd8 13. Rfd1 c5 14. Bxf6 exf6
15. Nb5 Qxd2 16. Rxd2 f5 17. c3 c4 18. b3 Rac8 19. Nxa7 Ra8 20. Nc6 Rd6 21. Nb4
cxb3 22. Bd1 bxa2 23. Rdxa2 Rc8 24. Ra8 Rdd8 25. Rxc8 Rxc8 26. Bf3 Rxc3 27. Nxd5
Bxd5 28. Bxd5 Bxd4 29. Kf1 Rc5 30. Ra8+ Kg7 31. Bb3 Rc1+ 32. Ke2 Rb1 33. Bc2 Rg1
34. Ra4 Be5 35. g3 Bd6 36. Rd4 Be5 37. Rd7 Rg2 38. Bb3 Rxh2 39. Rxf7+ Kh6 40.
Ke3 Bd6 41. f4 Bc5+ 42. Kd3 Rg2 43. Rc7 Rxg3+ 44. Kc4 Bd6 45. Kd4 0-1

[Event "25th Czech Rapid G1 2014"]
[Site "Pardubice CZE"]
[Date "2014.07.17"]
[Round "6.18"]
[White "Jacko, Vladimir2"]
[Black "Lalic, Bogdan"]
[Result "0-1"]
[WhiteTitle "FM"]
[BlackTitle "GM"]
[WhiteElo "2296"]
[BlackElo "2482"]
[WhiteFideId "14915928"]
[BlackFideId "409081"]
[EventDate "2014.07.16"]

1. d4 Nf6 2. Bg5 c5 3. d5 Qb6 4. Nc3 Qxb2 5. Bd2 Qb6 6. e4 e5 7. dxe6 dxe6 8.
Nf3 Be7 9. Rb1 Qd8 10. e5 Nd5 11. Bb5+ Bd7 12. Qe2 O-O 13. Bd3 Nxc3 14. Bxc3 Bc6
15. h4 h6 16. Nd2 Nd7 17. Ne4 c4 18. Bxc4 Bxe4 19. Qxe4 Nc5 20. Qg4 Qc7 21. Rh3
Rfd8 22. Kf1 a6 23. Bb4 Bf8 24. Re1 b5 25. Bxc5 Qxc5 26. Bd3 Rd4 27. Qh5 Qe7 28.
Ree3 g6 29. Qf3 Rad8 30. h5 g5 31. Rg3 Bg7 32. Re4 Qc5 33. Qe2 Rxe4 34. Qxe4
Qxe5 35. Qh7+ Kf8 36. Kg1 Qe1+ 37. Kh2 Rd4 38. Rf3 Rh4+ 0-1

[Event "25th Czech Rapid G1 2014"]
[Site "Pardubice CZE"]
[Date "2014.07.17"]
[Round "6.19"]
[White "Yuffa, Daniil"]
[Black "Villegas, Pierre"]
[Result "1/2-1/2"]
[WhiteTitle "IM"]
[BlackTitle "FM"]
[WhiteElo "2447"]
[BlackElo "2291"]
[WhiteFideId "24131423"]
[BlackFideId "654183"]
[EventDate "2014.07.16"]

1. d4 Nf6 2. c4 g6 3. g3 c6 4. Bg2 d5 5. e3 Bg7 6. Ne2 O-O 7. O-O b6 8. b3 Bb7
9. a4 a5 10. Ba3 Re8 11. Nbc3 e6 12. Qc2 Bf8 13. Bxf8 Rxf8 14. e4 dxe4 15. Nxe4
Na6 16. N4c3 Qe7 17. Rad1 Rad8 18. Rfe1 c5 19. d5 Nb4 20. Qb2 exd5 21. Nf4 Qd7
22. Ncxd5 Nfxd5 23. Nxd5 Nxd5 24. Bxd5 Bxd5 25. Rxd5 Qc6 26. Qe5 Rde8 27. Qc3
Rxe1+ 28. Qxe1 Re8 29. Qd2 Qf6 30. Kg2 Kg7 31. Rd7 Re6 32. Qd3 Qb2 33. Qf3 Qf6
34. Qd3 Qb2 35. Rd8 Qf6 36. Rb8 Qe5 37. Rd8 Qf6 38. Rc8 Qe5 39. Qd5 Qe2 40. Rc6
Kf6 41. Rxb6 Rxb6 42. Qd8+ Kf5 43. Qxb6 Qe4+ 44. Kg1 Qe1+ 45. Kg2 Qe4+ 46. Kf1
Qb1+ 47. Kg2 Qe4+ 48. Kh3 Qg4+ 49. Kg2 Qe4+ 50. Kg1 1/2-1/2

[Event "25th Czech Rapid G1 2014"]
[Site "Pardubice CZE"]
[Date "2014.07.17"]
[Round "6.21"]
[White "Jansa, Vlastimil"]
[Black "Tarakanov, Oleg"]
[Result "1-0"]
[WhiteTitle "GM"]
[WhiteElo "2453"]
[BlackElo "2161"]
[WhiteFideId "300128"]
[BlackFideId "4500610"]
[EventDate "2014.07.16"]

1. e4 e5 2. Nf3 Nc6 3. Bb5 a6 4. Ba4 f5 5. d4 exd4 6. e5 Bc5 7. O-O Nge7 8. Bb3
d5 9. exd6 Qxd6 10. Nbd2 h6 11. Re1 Bd7 12. Nc4 Qf6 13. Nce5 O-O-O 14. Nf7 g5
15. Nxh8 Qxh8 16. Qe2 Kb8 17. Ne5 Be8 18. Bd2 f4 19. Nd3 Bd6 20. c4 dxc3 21.
Bxc3 Qh7 22. Rad1 Bg6 23. Ne5 Nxe5 24. Bxe5 Nf5 25. Bxd6 Nxd6 26. Qe7 Qh8 27.
Rc1 Nb5 28. a4 Re8 29. Qc5 Rxe1+ 30. Rxe1 Nd4 31. Bd5 Be8 32. a5 Bb5 33. h3 Ne2+
34. Kh2 Qxb2 35. Bc4 Qd4 36. Qf8+ Ka7 37. Bxb5 1-0

[Event "25th Czech Rapid G1 2014"]
[Site "Pardubice CZE"]
[Date "2014.07.17"]
[Round "6.22"]
[White "Satyapragyan, Swayangsu"]
[Black "Rigopoulos-Tsigkos, Alexandros"]
[Result "0-1"]
[WhiteTitle "IM"]
[WhiteElo "2393"]
[BlackElo "2052"]
[WhiteFideId "5004306"]
[BlackFideId "4215109"]
[EventDate "2014.07.16"]

1. d4 d5 2. Bg5 h6 3. Bh4 c6 4. Nf3 Qb6 5. Nbd2 Bf5 6. e3 Nd7 7. Bd3 e6 8. O-O
Ngf6 9. Ne5 Bd6 10. Nxd7 Nxd7 11. Bxf5 exf5 12. c4 Qc7 13. Bg3 Bxg3 14. hxg3
dxc4 15. Nxc4 O-O 16. Qf3 g6 17. Rac1 Nf6 18. Ne5 Qa5 19. a3 Qd2 20. Nc4 Qd3 21.
Rfd1 Qe4 22. Qf4 Kg7 23. Qc7 Rab8 24. f3 Qe6 25. Qe5 Qd5 26. Qxd5 Nxd5 27. Kf2
Rfe8 28. Re1 Re7 29. Re2 Rbe8 30. Rce1 Re6 31. Na5 R8e7 32. Nb3 b6 33. Nc1 c5
34. dxc5 bxc5 35. Nb3 c4 36. Nd4 Rb6 37. Rc1 Reb7 38. Rcc2 Nf6 39. Red2 Nd7 40.
Rxc4 Rxb2 41. Rcc2 Rxc2 42. Rxc2 Ne5 43. Ke2 Rb1 44. g4 fxg4 45. f4 Nd7 46. e4
Rg1 47. Rc7 Nf8 48. Kf2 Rd1 49. Nc6 Rc1 50. f5 Rc3 51. a4 g3+ 52. Ke2 Rc4 53.
Kd3 Rc1 54. a5 h5 55. Ke2 gxf5 56. exf5 h4 57. Kf3 Rc3+ 58. Kg4 Rc4+ 59. Kf3 Nh7
60. Rxf7+ Kg8 61. Rc7 Ng5+ 62. Ke3 Re4+ 63. Kd3 h3 64. Ne7+ Rxe7 65. Rxe7 h2 66.
Re1 Nh3 67. Ke3 Ng1 68. Kf4 h1=Q 69. Kxg3 Kf7 70. Rf1 Ne2+ 71. Kf2 Qh5 72. Ke1 0-1

[Event "25th Czech Rapid G1 2014"]
[Site "Pardubice CZE"]
[Date "2014.07.17"]
[Round "6.23"]
[White "Nun, Jiri"]
[Black "Pisk, Petr"]
[Result "1/2-1/2"]
[WhiteTitle "IM"]
[BlackTitle "IM"]
[WhiteElo "2351"]
[BlackElo "2390"]
[WhiteFideId "300179"]
[BlackFideId "304689"]
[EventDate "2014.07.16"]

1. e4 c5 2. Nf3 d6 3. c3 Nf6 4. Be2 Nbd7 5. d3 c4 6. Nbd2 cxd3 7. Bxd3 g6 8. O-O
Bg7 9. Re1 O-O 10. Nd4 Ne5 11. Bf1 Nc6 12. N2b3 a6 13. h3 Qc7 14. a4 Ne5 15. a5
Bd7 16. Bf4 Rac8 17. Bxe5 dxe5 18. Nc2 Be6 19. Nd2 Rcd8 20. Qe2 Nh5 21. g3 Qc5
22. Ne3 f5 23. exf5 gxf5 24. Ne4 fxe4 25. Qxh5 Rf6 26. Rad1 Rdf8 27. Rd2 Qxa5
28. Bc4 Bxc4 29. Nxc4 Qc5 30. Ne3 Rd6 31. Rxd6 Qxd6 32. Qg4 Qf6 33. Qe2 Qf3 34.
Ng4 h5 35. Nh2 Qf5 36. h4 Bh6 37. Nf1 Kg7 38. Qc2 Qg6 39. Rxe4 Rf4 40. Re2 Qxc2
41. Rxc2 Re4 42. Kg2 Re1 43. b4 e4 44. c4 Rc1 45. Rxc1 Bxc1 46. Ne3 Bd2 47. Nc2
Kf6 48. Kf1 Ke5 49. Ke2 Bc1 50. f4+ exf3+ 51. Kxf3 1/2-1/2

[Event "25th Czech Rapid G1 2014"]
[Site "Pardubice CZE"]
[Date "2014.07.17"]
[Round "6.24"]
[White "Raudive, Aivars"]
[Black "Cerveny, Martin"]
[Result "1-0"]
[WhiteTitle "FM"]
[BlackTitle "FM"]
[WhiteElo "2288"]
[BlackElo "2375"]
[WhiteFideId "11601060"]
[BlackFideId "321141"]
[EventDate "2014.07.16"]

1. e4 c5 2. Nf3 d6 3. d4 cxd4 4. Qxd4 Nc6 5. Bb5 Bd7 6. Bxc6 Bxc6 7. Nc3 h6 8.
Be3 Nf6 9. O-O-O e5 10. Qd3 Qa5 11. Nd2 b5 12. Nb3 Qa6 13. a4 Rb8 14. f4 Be7 15.
fxe5 dxe5 16. Bc5 Rd8 17. Qg3 Qb7 18. Qxe5 Rd7 19. axb5 Bxb5 20. Bxe7 Rxe7 21.
Qxb5+ Qxb5 22. Nxb5 O-O 23. Nd6 Rb8 24. Rhe1 Ng4 25. h3 Ne5 26. Rd5 f6 27. Nc5
a5 28. Nd3 Nc6 29. Rc5 Rc7 30. e5 Rd8 31. Nb5 Rb7 32. Rxc6 Rxb5 33. exf6 1-0

[Event "25th Czech Rapid G1 2014"]
[Site "Pardubice CZE"]
[Date "2014.07.17"]
[Round "6.25"]
[White "Travkina, Anastasia"]
[Black "Freisler, Pavel"]
[Result "0-1"]
[WhiteTitle "WFM"]
[BlackTitle "IM"]
[WhiteElo "2200"]
[BlackElo "2301"]
[WhiteFideId "24129151"]
[BlackFideId "301477"]
[EventDate "2014.07.16"]

1. e4 Nf6 2. e5 Nd5 3. d4 d6 4. Nf3 g6 5. c4 Nb6 6. Bf4 Bg7 7. exd6 cxd6 8. Nc3
O-O 9. Rc1 Bg4 10. Be2 Nc6 11. b3 Bxf3 12. Bxf3 Bxd4 13. Bxc6 Bxc3+ 14. Rxc3
bxc6 15. h4 e5 16. Bh6 Re8 17. h5 Qf6 18. Rf3 Qe6 19. Bg5 Nd7 20. Rfh3 Nf8 21.
Rf3 e4 22. Rfh3 d5 23. c5 Qe5 24. Be3 Rad8 25. Bd4 Qf5 26. Qd2 g5 27. g4 Qf4 28.
Be3 Qe5 29. Bd4 e3 30. Rxe3 Qf4 31. Kf1 Ne6 32. Be5 Qxg4 33. Bf6 h6 34. Rg1 Qf5
35. Bxd8 Rxd8 36. b4 d4 37. Ra3 Nf4 38. Rxa7 Re8 39. Qd1 0-1

[Event "25th Czech Rapid G1 2014"]
[Site "Pardubice CZE"]
[Date "2014.07.17"]
[Round "6.26"]
[White "Gorbatov, Alexej"]
[Black "Rous, Daniel"]
[Result "1-0"]
[WhiteTitle "IM"]
[WhiteElo "2358"]
[BlackElo "2160"]
[WhiteFideId "4111834"]
[BlackFideId "338150"]
[EventDate "2014.07.16"]

1. c4 Nf6 2. Nc3 d5 3. cxd5 Nxd5 4. Nf3 g6 5. e4 Nxc3 6. dxc3 Qxd1+ 7. Kxd1 f6
8. Bc4 e5 9. Be3 Nd7 10. Kc2 Bc5 11. Rhe1 Bxe3 12. Rxe3 Nb6 13. Bb3 Bg4 14. Ne1
a5 15. a3 Ke7 16. Nd3 Nd7 17. f4 Be6 18. Bxe6 Kxe6 19. Rf1 b6 20. f5+ Kd6 21.
Rh3 Rag8 22. g3 Ke7 23. b4 axb4 24. cxb4 c5 25. bxc5 Nxc5 26. Nxc5 bxc5 27. Rb1
gxf5 28. exf5 Rg5 29. Rb7+ Kd6 30. Rb6+ Ke7 31. a4 Rxf5 32. a5 Rf2+ 33. Kd3 Ra2
34. a6 h5 35. Ke4 c4 36. Kd5 Rd8+ 37. Kxc4 Rd4+ 38. Kc3 Rda4 39. Rxh5 R2a3+ 40.
Kd2 Kf7 41. Rh6 Rf3 42. Ke2 e4 43. Rh7+ Kg6 44. Rd7 Ra2+ 45. Rd2 Raa3 46. Re6
Ra4 47. Rxe4 Rxe4+ 48. Kxf3 Ra4 49. Rd6 Kf5 50. g4+ Kg5 51. h3 Ra5 52. Ke4 Ra4+
53. Kd5 f5 54. gxf5 Kxf5 55. Kc5 Ra1 56. Kb6 Ke5 57. Rh6 Ra3 1-0

[Event "25th Czech Rapid G1 2014"]
[Site "Pardubice CZE"]
[Date "2014.07.17"]
[Round "6.27"]
[White "Rodionova, Polina"]
[Black "Shalimov, Valery"]
[Result "0-1"]
[WhiteTitle "WFM"]
[BlackTitle "IM"]
[WhiteElo "2138"]
[BlackElo "2412"]
[WhiteFideId "24102555"]
[BlackFideId "14104881"]
[EventDate "2014.07.16"]

1. e4 c5 2. Nf3 Nc6 3. Bb5 g6 4. Bxc6 dxc6 5. h3 Bg7 6. d3 Nf6 7. Nc3 O-O 8. Bf4
Nd7 9. Qd2 e5 10. Bh6 Bxh6 11. Qxh6 f6 12. O-O-O b5 13. h4 Rf7 14. g4 Nf8 15.
Rdg1 Ne6 16. g5 Nd4 17. Nxd4 cxd4 18. h5 fxg5 19. hxg6 Rg7 20. gxh7+ Kh8 21. Ne2
g4 22. Rh5 Qe8 23. Ng3 Bd7 24. Qf6 Qe7 25. Qxe5 Qxe5 26. Rxe5 Rf8 27. Rg2 Rgf7
28. Kd1 Rxf2 29. Rxf2 Rxf2 30. Re7 Rf3 31. Ne2 g3 32. Nxg3 Bg4 33. Ke1 Rxg3 34.
Rxa7 Rg2 35. c3 Re2+ 36. Kf1 Rd2 37. cxd4 Rxd3 38. Rc7 Rxd4 39. Rxc6 Rxe4 40.
Rb6 Kxh7 41. Kg1 Be2 42. Kf2 Kg7 43. b3 Bd3 44. Kf3 Rh4 45. Ke3 Bf1 46. Kf2 Rf4+
47. Ke3 Rf8 48. a4 bxa4 49. bxa4 Rf5 50. Rb4 Ra5 51. Kd2 Bh3 52. Kc3 Kf6 53.
Rb6+ Ke7 54. Kb4 Rh5 55. a5 Rh4+ 56. Kb5 Bf1+ 57. Kc6 Ra4 58. Rb1 Bc4 59. Kb6
Kd6 60. Rd1+ Bd5 61. Rb1 Rc4 62. a6 Rc6+ 63. Ka5 Kc7 64. Rb7+ Kc8 65. Rh7 Rg6
66. a7 Rg1 67. Kb6 Ra1 68. Kc5 Be4 69. Re7 Bb7 70. Kb6 Ra6+ 71. Kc5 Rxa7 72. Rg7
Ra5+ 73. Kd6 Rd5+ 74. Ke6 Rd1 75. Ke5 Bc6 76. Re7 Bd7 77. Rg7 Kc7 78. Re7 Kc6
79. Rg7 Kc5 80. Re7 Bc6 81. Rg7 Re1+ 82. Kf4 Kd4 83. Rg6 Rf1+ 84. Kg5 Be4 85.
Rg7 Rf5+ 86. Kg4 Ke3 87. Re7 Rf6 88. Rg7 Rf1 89. Kg5 Rf5+ 90. Kg4 Rf8 91. Kg5
Kf3 92. Re7 Rf5+ 93. Kh6 Kf4 94. Kg7 Bd5 95. Rc7 Ke5 96. Re7+ Be6 97. Ra7 Rg5+
98. Kh6 Kf6 99. Ra6 Rg8 100. Kh7 Rg1 0-1

[Event "25th Czech Rapid G1 2014"]
[Site "Pardubice CZE"]
[Date "2014.07.17"]
[Round "6.28"]
[White "Zpevak, Pavel"]
[Black "Zpevakova, Jana"]
[Result "1-0"]
[WhiteTitle "IM"]
[WhiteElo "2362"]
[BlackElo "2016"]
[WhiteFideId "300586"]
[BlackFideId "334030"]
[EventDate "2014.07.16"]

1. d4 Nf6 2. Nf3 e6 3. c4 c5 4. d5 exd5 5. cxd5 d6 6. Nc3 g6 7. e4 Bg7 8. Bg5 h6
9. Bh4 O-O 10. Nd2 a6 11. a4 g5 12. Bg3 Nbd7 13. Bxd6 Re8 14. Be2 Qb6 15. Nc4
Qb4 16. O-O Nxe4 17. Na2 Nc3 18. bxc3 1-0